000
00304 a2200145 4500
001
48608
040
_c
Anchieta - Bela Vista
100
_a
Flora, Ana
240
1
0
_a
A bela ou a fera
_l
por
245
1
0
_a
A bela ou a fera
300
_a
100
362
0
_a
2016
650
4
_a
Literatura juvenil
942
_c
BK
999
_c
48608
_d
48608